00402nam a2200121Ia 4500008004000000020001800040082001700058100006300075245004300138260004700181300000800228650004400236210210b1986 xxu||||| |||| 00| 0 eng d a81 7024 038 7 a657.046 RAOA aRAO (Tadiboina Nageswara) and REDDY (Renati Jaya Prakash). aAdvanced accountancy: solved problems. aNew Delhi.bAshish Publishing House,c1986 a402 aAdvanced Accountancy, Solved Problems